[Event "Oberliga Ost-B 2122"]
[Site "Germany"]
[Date "2022.03.05"]
[Round "8.6"]
[White "Diaz, Joaquin"]
[Black "Mueller, Achim"]
[Result "1/2-1/2"]
[WhiteElo "2151"]
[BlackElo "2101"]
[PlyCount "40"]
[EventDate "2021.10.10"]
[EventType "team-tourn"]
[EventRounds "11"]
[EventCountry "GER"]
[SourceTitle "EXT 2023"]
[Source "ChessBase"]
[SourceDate "2022.10.05"]
[SourceVersion "1"]
[SourceVersionDate "2022.10.05"]
[SourceQuality "1"]
[WhiteTeam "Griesheim"]
[BlackTeam "Schoeneck"]
[WhiteTeamCountry "GER"]
[BlackTeamCountry "GER"]

1. e4 c5 2. Nc3 Nc6 3. Nf3 g6 4. d4 cxd4 5. Nxd4 Bg7 6. Be3 Qa5 7. Qd2 Nf6 8. f3 a6 9. Nb3 Qc7 10. 0-0-0 d6 11. Nd5 Nxd5 12. exd5 Ne5 13. Qa5 Qxa5 14. Nxa5 0-0 15. Be2 h5 16. f4 Ng4 17. Bd4 Rb8 18. Ba7 Ra8 19. Bd4 Rb8 20. Ba7 Ra8 1/2-1/2

[Event "Hessenliga 1921"]
[Site "Hessen"]
[Date "2019.10.27"]
[Round "2.3"]
[White "Rosenberger, Berthold"]
[Black "Diaz, Joaquin"]
[Result "1-0"]
[WhiteElo "2243"]
[BlackElo "2102"]
[PlyCount "137"]
[EventDate "2019.09.22"]
[EventType "team-tourn"]
[EventRounds "9"]
[EventCountry "GER"]
[SourceTitle "EXT 2024"]
[Source "ChessBase"]
[SourceDate "2023.10.10"]
[SourceVersion "1"]
[SourceVersionDate "2023.10.10"]
[SourceQuality "1"]
[WhiteTeam "Dettingen"]
[BlackTeam "Griesheim II"]
[WhiteTeamCountry "GER"]
[BlackTeamCountry "GER"]

1. d4 d5 2. Nf3 Nf6 3. g3 c6 4. Bg2 Bg4 5. Nbd2 Nbd7 6. c4 e6 7. Qb3 Qb8 8. 0-0 Bd6 9. e4 dxe4 10. Ng5 h6 11. Ngxe4 Bc7 12. Qc3 0-0 13. Nxf6+ Nxf6 14. Ne4 Nxe4 15. Bxe4 Qd8 16. b3 f5 17. Bg2 f4 18. Ba3 Bd6 19. Bxd6 Qxd6 20. h3 Be2 21. Rfe1 f3 22. Bf1 Rad8 23. Bxe2 fxe2 24. Rxe2 Qxd4 25. Qxd4 Rxd4 26. Rae1 Rfd8 27. Rxe6 R8d7 28. Re7 Kf8 29. Rxd7 Rxd7 30. Re2 Kf7 31. Kg2 Rd3 32. h4 Kf6 33. g4 g5 34. h5 b6 35. Re8 Rd2 36. Rg8 Ke5 37. Kg3 Rd6 38. Kf3 c5 39. Ke3 Re6 40. f4+ gxf4+ 41. Kf3 Rd6 42. Re8+ Kf6 43. Kxf4 Rd4+ 44. Kg3 Rd3+ 45. Kh4 Rd2 46. Rg8 Rh2+ 47. Kg3 Rxa2 48. Rg6+ Ke5 49. Rxh6 Rb2 50. Kh4 Rxb3 51. Kg5 Kd4 52. Rh8 Kxc4 53. h6 Rh3 54. h7 b5 55. Kg6 b4 56. Rb8 b3 57. Kg7 Kc3 58. h8Q Rxh8 59. Kxh8 b2 60. g5 Kc2 61. g6 b1Q 62. Rxb1 Kxb1 63. g7 Kc2 64. g8Q Kc3 65. Qg7+ Kb3 66. Qb7+ Kc3 67. Qxa7 c4 68. Qa2 Kd3 69. Qb2 1-0

[Event "Oberliga Ost-B 1819"]
[Site "Germany"]
[Date "2019.02.03"]
[Round "7.5"]
[White "Hellwig, Tobias"]
[Black "Diaz, Joaquin"]
[Result "1-0"]
[WhiteElo "2187"]
[BlackElo "2160"]
[PlyCount "75"]
[EventDate "2018.10.21"]
[EventType "team-tourn"]
[EventRounds "11"]
[EventCountry "GER"]
[SourceTitle "EXT 2020"]
[Source "ChessBase"]
[SourceDate "2019.10.17"]
[SourceVersion "1"]
[SourceVersionDate "2019.10.17"]
[SourceQuality "1"]
[WhiteTeam "Sangerhausen"]
[BlackTeam "Griesheim II"]
[WhiteTeamCountry "GER"]
[BlackTeamCountry "GER"]

1. d4 d5 2. c4 c6 3. Nc3 Nf6 4. Nf3 e6 5. e3 Nbd7 6. Bd3 dxc4 7. Bxc4 b5 8. Bd3 g6 9. 0-0 Bb7 10. a4 b4 11. Ne4 c5 12. Ned2 cxd4 13. exd4 Qa5 14. Nc4 Qh5 15. Nfe5 Qh4 16. Be2 Nxe5 17. dxe5 Rd8 18. Qb3 Nd5 19. Na5 Ba8 20. Ba6 Bc5 21. Bb5+ Kf8 22. Qc4 Qxc4 23. Nxc4 f6 24. Re1 Kf7 25. Be3 Nxe3 26. fxe3 f5 27. Rac1 g5 28. Kf1 Be4 29. Kf2 Bd5 30. Na5 Bb6 31. Nc6 Bxc6 32. Rxc6 Rb8 33. Kf3 Rhc8 34. Rec1 Rxc6 35. Rxc6 g4+ 36. Ke2 Bd8 37. Bc4 Kg6 38. Bxe6 1-0

[Event "Oberliga Ost-B 1819"]
[Site "Germany"]
[Date "2019.02.02"]
[Round "6.5"]
[White "Diaz, Joaquin"]
[Black "Haertig, Jens"]
[Result "1-0"]
[WhiteElo "2160"]
[BlackElo "2148"]
[PlyCount "75"]
[EventDate "2018.10.21"]
[EventType "team-tourn"]
[EventRounds "11"]
[EventCountry "GER"]
[SourceTitle "EXT 2020"]
[Source "ChessBase"]
[SourceDate "2019.10.17"]
[SourceVersion "1"]
[SourceVersionDate "2019.10.17"]
[SourceQuality "1"]
[WhiteTeam "Griesheim II"]
[BlackTeam "Naumburg"]
[WhiteTeamCountry "GER"]
[BlackTeamCountry "GER"]

1. e4 c5 2. Nf3 d6 3. d4 cxd4 4. Nxd4 Nf6 5. Nc3 a6 6. Bc4 e6 7. Bb3 Nbd7 8. 0-0 Nc5 9. f3 Be7 10. Qe1 0-0 11. Be3 Qc7 12. Qg3 Kh8 13. Rad1 b5 14. Rd2 Rd8 15. a3 Nxb3 16. Nxb3 Bb7 17. Qf2 Nd7 18. Rfd1 Rac8 19. f4 Re8 20. Bd4 Nf6 21. Qe2 d5 22. e5 Ne4 23. Nxe4 dxe4 24. Qe3 Bd5 25. Nc1 f5 26. exf6 Bxf6 27. Ne2 Bc6 28. Bb6 Qb7 29. c3 e5 30. fxe5 Rxe5 31. Bd4 Bg5 32. Qg3 Bxd2 33. Qxe5 e3 34. Qg5 Re8 35. Rf1 a5 36. Rf5 Be4 37. Re5 Rg8 38. Re7 1-0

[Event "Hessenliga 1718"]
[Site "Hessen"]
[Date "2018.02.18"]
[Round "7.6"]
[White "Drill, Frank J"]
[Black "Diaz, Joaquin"]
[Result "1-0"]
[WhiteElo "2014"]
[BlackElo "2160"]
[PlyCount "63"]
[EventDate "2017.09.17"]
[EventType "team-tourn"]
[EventRounds "9"]
[EventCountry "GER"]
[SourceTitle "CBM 189 Extra"]
[Source "ChessBase"]
[SourceDate "2019.06.03"]
[SourceVersion "1"]
[SourceVersionDate "2019.06.03"]
[SourceQuality "1"]
[WhiteTeam "Neuberg II"]
[BlackTeam "Griesheim II"]
[WhiteTeamCountry "GER"]
[BlackTeamCountry "GER"]

1. e4 Nf6 2. e5 Nd5 3. Nc3 Nb6 4. d4 d6 5. Be3 Bf5 6. Qf3 Qc8 7. Qg3 dxe5 8. dxe5 e6 9. 0-0-0 a6 10. Nf3 Nc6 11. Nh4 Bg6 12. Nxg6 hxg6 13. Bd3 Nd7 14. f4 Bc5 15. Ne4 Bxe3+ 16. Qxe3 Qb8 17. Ng5 Qa7 18. Qg3 Ne7 19. Nxe6 fxe6 20. Bxg6+ Kd8 21. f5 Kc8 22. fxe6 Nxe5 23. Qxe5 Nxg6 24. Qg5 Re8 25. Rhe1 Ne7 26. Qxg7 Qc5 27. Re5 Qb4 28. Qf7 Rg8 29. c3 Qh4 30. Rh5 Qe4 31. Qxe7 Kb8 32. Rd8+ 1-0

[Event "Hessenliga 1617"]
[Site "Hessen"]
[Date "2017.04.23"]
[Round "9.8"]
[White "Wenner, Frank"]
[Black "Diaz, Joaquin"]
[Result "1-0"]
[WhiteElo "2095"]
[BlackElo "2164"]
[PlyCount "25"]
[EventDate "2016.09.18"]
[EventType "team-tourn"]
[EventRounds "9"]
[EventCountry "GER"]
[SourceTitle "EXT 2018"]
[Source "ChessBase"]
[SourceDate "2017.10.13"]
[SourceVersion "1"]
[SourceVersionDate "2017.10.13"]
[SourceQuality "1"]
[WhiteTeam "Gernsheim"]
[BlackTeam "Griesheim II"]
[WhiteTeamCountry "GER"]
[BlackTeamCountry "GER"]

1. Nf3 d5 2. g3 Nf6 3. c4 c6 4. b3 Bg4 5. Ne5 dxc4 6. Nxc4 e6 7. Bg2 Bc5 8. Bb2 0-0 9. 0-0 Nbd7 10. d4 Be7 11. Qd2 Qc7 12. Nc3 Rad8 13. e4 1-0

[Event "Hessenliga 1617"]
[Site "Hessen"]
[Date "2017.01.15"]
[Round "5.6"]
[White "Egenolf, Dirk"]
[Black "Diaz, Joaquin"]
[Result "0-1"]
[WhiteElo "1995"]
[BlackElo "2164"]
[PlyCount "106"]
[EventDate "2016.09.18"]
[EventType "team-tourn"]
[EventRounds "9"]
[EventCountry "GER"]
[SourceTitle "EXT 2018"]
[Source "ChessBase"]
[SourceDate "2017.10.13"]
[SourceVersion "1"]
[SourceVersionDate "2017.10.13"]
[SourceQuality "1"]
[WhiteTeam "Niederbrechen"]
[BlackTeam "Griesheim II"]
[WhiteTeamCountry "GER"]
[BlackTeamCountry "GER"]

1. e4 Nf6 2. e5 Nd5 3. Bc4 Nb6 4. Bb3 d6 5. exd6 cxd6 6. Nf3 Bf5 7. 0-0 e6 8. d4 Be7 9. a4 0-0 10. Bf4 Nc6 11. c3 Na5 12. Bc2 Bxc2 13. Qxc2 Rc8 14. Bg3 Nac4 15. a5 Nd5 16. a6 b5 17. Qb3 Qe8 18. Nbd2 Qc6 19. Nxc4 bxc4 20. Qa4 Nb6 21. Qxc6 Rxc6 22. Rfb1 Rfc8 23. Bf4 Nd5 24. Bd2 Rb8 25. Ra3 Rbb6 26. b4 cxb3 27. Rbxb3 Rxb3 28. Rxb3 Rxa6 29. Kf1 Nb6 30. Ke2 f6 31. Kd3 d5 32. Be3 Kf7 33. Bf4 Ke8 34. Nd2 Kd7 35. Bb8 Kc6 36. Rb1 Ra2 37. Re1 Kd7 38. Rb1 Bd8 39. Bg3 a5 40. Rc1 a4 41. c4 dxc4+ 42. Nxc4 Nd5 43. Ne3 Nxe3 44. Kxe3 g5 45. Bb8 Bb6 46. Kd3 a3 47. Bg3 f5 48. Be5 Rxf2 49. Rc2 Rxc2 50. Kxc2 Kc6 51. Kb3 Kd5 52. Kxa3 Bxd4 53. Bg3 Be5 0-1

[Event "Hessenliga 1617"]
[Site "Hessen"]
[Date "2016.12.11"]
[Round "4.7"]
[White "Calder, Dennis"]
[Black "Diaz, Joaquin"]
[Result "1/2-1/2"]
[WhiteElo "1965"]
[BlackElo "2164"]
[PlyCount "53"]
[EventDate "2016.09.18"]
[EventType "team-tourn"]
[EventRounds "9"]
[EventCountry "GER"]
[SourceTitle "EXT 2018"]
[Source "ChessBase"]
[SourceDate "2017.10.13"]
[SourceVersion "1"]
[SourceVersionDate "2017.10.13"]
[SourceQuality "1"]
[WhiteTeam "Bad Nauheim"]
[BlackTeam "Griesheim II"]
[WhiteTeamCountry "GER"]
[BlackTeamCountry "GER"]

1. d4 d5 2. c4 c6 3. Nf3 Nf6 4. Nc3 e6 5. e3 Nbd7 6. Bd3 dxc4 7. Bxc4 b5 8. Bd3 a6 9. a4 b4 10. Ne4 c5 11. 0-0 Bb7 12. Nxf6+ Nxf6 13. Qe2 Be7 14. Rd1 cxd4 15. Nxd4 0-0 16. f3 Qd5 17. Bc4 Qh5 18. e4 Rfd8 19. Be3 Qe5 20. Nb3 h6 21. Bb6 Rxd1+ 22. Rxd1 Bc6 23. a5 Ba4 24. Bd4 Qc7 25. Bb6 Qe5 26. Bd4 Qc7 27. Bb6 1/2-1/2

[Event "Hessenliga 1516"]
[Site "Germany"]
[Date "2015.11.08"]
[Round "2.7"]
[White "Syperek, Sebastian"]
[Black "Diaz, Joaquin"]
[Result "0-1"]
[WhiteElo "2227"]
[BlackElo "2160"]
[PlyCount "98"]
[EventDate "2015.09.27"]
[EventType "team-tourn"]
[EventRounds "9"]
[EventCountry "GER"]
[SourceTitle "EXT 2018"]
[Source "ChessBase"]
[SourceDate "2017.10.13"]
[SourceVersion "1"]
[SourceVersionDate "2017.10.13"]
[SourceQuality "1"]
[WhiteTeam "Bad Nauheim"]
[BlackTeam "Griesheim II"]
[WhiteTeamCountry "GER"]
[BlackTeamCountry "GER"]

1. d4 d5 2. c4 c6 3. Nf3 Nf6 4. Nc3 e6 5. cxd5 exd5 6. Bf4 Bb4 7. a3 Bxc3+ 8. bxc3 Qa5 9. Bd2 Ne4 10. e3 Bf5 11. c4 Nxd2 12. Qxd2 Qxd2+ 13. Nxd2 Nd7 14. cxd5 cxd5 15. Rc1 0-0 16. Be2 Rfc8 17. 0-0 Nb6 18. Nb3 Nc4 19. Bf3 Be6 20. a4 b6 21. e4 dxe4 22. Bxe4 Rab8 23. d5 Bd7 24. Bd3 Bxa4 25. Bxc4 b5 26. Bxb5 Bxb5 27. Rxc8+ Rxc8 28. Ra1 Kf8 29. h3 a6 30. Nd4 Rd8 31. Nxb5 axb5 32. Rd1 Ke7 33. f4 Kd6 34. Kf2 Rc8 35. Ke3 Rc5 36. Ra1 Kxd5 37. Ra7 Rc3+ 38. Kd2 Rg3 39. Rxf7 Kc4 40. Rc7+ Kb3 41. f5 b4 42. Rf7 Rxg2+ 43. Kc1 Rg1+ 44. Kd2 h5 45. Rf8 Kb2 46. Rg8 Rg5 47. Rf8 b3 48. f6 gxf6 49. Rxf6 Rg3 0-1

[Event "BL2-Sued 1415"]
[Site "Germany"]
[Date "2015.02.22"]
[Round "7.8"]
[White "Zude, Arno"]
[Black "Diaz, Joaquin"]
[Result "1-0"]
[WhiteElo "2381"]
[BlackElo "2164"]
[PlyCount "68"]
[EventDate "2014.09.21"]
[EventType "team-tourn"]
[EventRounds "9"]
[EventCountry "GER"]
[SourceTitle "CBM 166 Extra"]
[Source "ChessBase"]
[SourceDate "2015.06.18"]
[SourceVersion "1"]
[SourceVersionDate "2015.06.18"]
[SourceQuality "1"]
[WhiteTeam "Hofheim"]
[BlackTeam "Griesheim"]
[WhiteTeamCountry "GER"]
[BlackTeamCountry "GER"]

1. e4 Nf6 2. e5 Nd5 3. d4 d6 4. c4 Nb6 5. exd6 cxd6 6. Nc3 g6 7. Be3 Bg7 8. Rc1 0-0 9. b3 Bf5 10. Nf3 Nc6 11. d5 Nb4 12. Nd4 Bd7 13. Be2 e5 14. dxe6 fxe6 15. 0-0 d5 16. a3 Nc6 17. cxd5 Nxd5 18. Nxd5 exd5 19. Nb5 Bf5 20. Bc5 Rf6 21. Bf3 Be6 22. Re1 Bf7 23. Be3 Rxf3 24. gxf3 d4 25. Bf4 Qf6 26. Bg3 Rf8 27. Re4 g5 28. Nc7 Bh5 29. Re6 Qf5 30. b4 Bxf3 31. Qf1 d3 32. Rc5 Qxc5 33. bxc5 d2 34. Rd6 Nd4 1-0

[Event "Hessenliga 1314"]
[Site "Germany"]
[Date "2014.04.27"]
[Round "9.8"]
[White "Huss, Rolf"]
[Black "Diaz, Joaquin"]
[Result "0-1"]
[WhiteElo "2150"]
[BlackElo "2168"]
[PlyCount "86"]
[EventDate "2013.09.29"]
[EventType "team-tourn"]
[EventRounds "9"]
[EventCountry "GER"]
[SourceTitle "EXT 2015"]
[Source "ChessBase"]
[SourceDate "2014.11.20"]
[SourceVersion "1"]
[SourceVersionDate "2014.11.20"]
[SourceQuality "1"]
[WhiteTeam "Fulda"]
[BlackTeam "Griesheim II"]
[WhiteTeamCountry "GER"]
[BlackTeamCountry "GER"]

1. d4 d5 2. c4 c6 3. Nf3 Nf6 4. Nc3 e6 5. Bg5 dxc4 6. e4 b5 7. e5 h6 8. Bh4 g5 9. Nxg5 hxg5 10. Bxg5 Be7 11. exf6 Bxf6 12. Bxf6 Qxf6 13. g3 Bb7 14. Bg2 Na6 15. Ne4 Qe7 16. 0-0 0-0-0 17. Qd2 f5 18. Ng5 c5 19. Qe3 cxd4 20. Qxe6+ Qxe6 21. Nxe6 Bxg2 22. Kxg2 Rd6 23. Ng5 Re8 24. Rfe1 Rxe1 25. Rxe1 Nb4 26. Nf3 Nxa2 27. Re5 a6 28. Rxf5 d3 29. Nd2 Nc1 30. h4 Nb3 31. Nxb3 cxb3 32. Rc5+ Kd7 33. Rc1 a5 34. Kf3 a4 35. Rd1 b4 36. Ke3 a3 37. Kd2 Rf6 38. Ke3 Re6+ 39. Kd4 Re2 40. bxa3 bxa3 41. Kc3 b2 42. Kb3 d2 43. Kxa3 b1Q 0-1

[Event "Bundesliga 1213"]
[Site "Germany"]
[Date "2013.02.23"]
[Round "9"]
[White "Postoev Birkenberg, Alexander"]
[Black "Diaz, Joaquin"]
[Result "1-0"]
[WhiteElo "2310"]
[BlackElo "2176"]
[PlyCount "95"]
[EventDate "2012.10.20"]
[EventType "team-tourn"]
[EventRounds "15"]
[EventCountry "GER"]
[SourceTitle "CBM 153"]
[Source "ChessBase"]
[SourceDate "2013.03.14"]
[SourceVersion "1"]
[SourceVersionDate "2013.03.14"]
[SourceQuality "1"]
[WhiteTeam "Hockenheim"]
[BlackTeam "Griesheim"]
[WhiteTeamCountry "GER"]
[BlackTeamCountry "GER"]

1. d4 d5 2. c4 c6 3. Nf3 Nf6 4. Nc3 e6 5. e3 Nbd7 6. Bd3 dxc4 7. Bxc4 b5 8. Bd3 a6 9. 0-0 c5 10. Qe2 Bb7 11. a3 Rc8 12. Rd1 Qc7 13. e4 cxd4 14. Nxd4 Bd6 15. g3 Bc5 16. Nb3 Bb6 17. a4 b4 18. Bf4 e5 19. Nd5 Nxd5 20. exd5 Qd6 21. Bf5 0-0 22. Be3 Bxe3 23. Qxe3 Rc7 24. Bxd7 Rxd7 25. Nc5 Rc7 26. Nxb7 Rxb7 27. Rac1 Rb6 28. a5 Rb5 29. Rc6 Qd8 30. d6 Qxa5 31. d7 Rbb8 32. Rc5 Qa2 33. Qxe5 Rbd8 34. Ra5 Qc4 35. Qd6 g6 36. Rc5 Qe6 37. Qc7 f6 38. Rcd5 h5 39. Rd6 Qg4 40. R6d4 Qe2 41. R4d2 Qe6 42. Qc2 Kg7 43. Re2 Qb6 44. Qe4 a5 45. Qe7+ Rf7 46. Qe8 Qc7 47. Re7 Rxe8 48. dxe8N+ 1-0

[Event "Hessenliga 1213"]
[Site "Germany"]
[Date "2013.02.17"]
[Round "6.5"]
[White "Diaz, Joaquin"]
[Black "Daechert, Peter"]
[Result "1/2-1/2"]
[WhiteElo "2176"]
[BlackElo "2031"]
[PlyCount "62"]
[EventDate "2012.09.16"]
[EventType "team-tourn"]
[EventRounds "9"]
[EventCountry "GER"]
[SourceTitle "EXT 2014"]
[Source "ChessBase"]
[SourceDate "2013.11.20"]
[SourceVersion "1"]
[SourceVersionDate "2013.11.20"]
[SourceQuality "1"]
[WhiteTeam "Griesheim II"]
[BlackTeam "Gelnhausen"]
[WhiteTeamCountry "GER"]
[BlackTeamCountry "GER"]

1. e4 c5 2. Nf3 Nc6 3. d4 cxd4 4. Nxd4 e5 5. Nb5 a6 6. Nd6+ Bxd6 7. Qxd6 Qe7 8. Qa3 Qb4+ 9. Qxb4 Nxb4 10. Na3 Nf6 11. Bd2 Nc6 12. Bd3 d5 13. exd5 Nxd5 14. Nc4 b5 15. Be4 Be6 16. Nd6+ Kd7 17. Nf5 g6 18. Ne3 Nxe3 19. Bxe3 f5 20. 0-0-0+ Kc7 21. Bf3 Rad8 22. Bc5 a5 23. a3 e4 24. Be2 Bc4 25. Bxc4 bxc4 26. Rxd8 Rxd8 27. Rd1 Rxd1+ 28. Kxd1 Ne5 29. Bd4 Nc6 30. Bc5 Ne5 31. Bd4 Nc6 1/2-1/2

[Event "Hessenliga 1213"]
[Site "Germany"]
[Date "2013.01.27"]
[Round "5.7"]
[White "Laschenko, Sergej"]
[Black "Diaz, Joaquin"]
[Result "1/2-1/2"]
[WhiteElo "2016"]
[BlackElo "2176"]
[PlyCount "61"]
[EventDate "2012.09.16"]
[EventType "team-tourn"]
[EventRounds "9"]
[EventCountry "GER"]
[SourceTitle "EXT 2014"]
[Source "ChessBase"]
[SourceDate "2013.11.20"]
[SourceVersion "1"]
[SourceVersionDate "2013.11.20"]
[SourceQuality "1"]
[WhiteTeam "Fulda"]
[BlackTeam "Griesheim II"]
[WhiteTeamCountry "GER"]
[BlackTeamCountry "GER"]

1. e4 Nf6 2. Nc3 d5 3. exd5 Nxd5 4. Nxd5 Qxd5 5. Qf3 c6 6. Qxd5 cxd5 7. d4 Bf5 8. c3 e6 9. Bf4 a6 10. Ne2 Nc6 11. Ng3 Bg6 12. Be2 Be7 13. 0-0 0-0 14. Rfd1 Rfc8 15. Nf1 b5 16. Ne3 Na5 17. Bd3 Bxd3 18. Rxd3 b4 19. cxb4 Bxb4 20. a3 Be7 21. b4 Nc4 22. Kf1 g5 23. Nxc4 dxc4 24. Rg3 h6 25. h4 f6 26. hxg5 hxg5 27. Bd2 Rd8 28. Bc3 Kf7 29. Rh3 Rh8 30. Rxh8 Rxh8 31. Ke2 1/2-1/2

[Event "Hessenliga 1213"]
[Site "Germany"]
[Date "2012.10.07"]
[Round "2.7"]
[White "Perlitz, Sven"]
[Black "Diaz, Joaquin"]
[Result "0-1"]
[WhiteElo "2085"]
[BlackElo "2176"]
[PlyCount "76"]
[EventDate "2012.09.16"]
[EventType "team-tourn"]
[EventRounds "9"]
[EventCountry "GER"]
[SourceTitle "EXT 2014"]
[Source "ChessBase"]
[SourceDate "2013.11.20"]
[SourceVersion "1"]
[SourceVersionDate "2013.11.20"]
[SourceQuality "1"]
[WhiteTeam "Nied"]
[BlackTeam "Griesheim II"]
[WhiteTeamCountry "GER"]
[BlackTeamCountry "GER"]

1. e4 Nf6 2. e5 Nd5 3. d4 d6 4. c4 Nb6 5. exd6 cxd6 6. Nc3 g6 7. h3 Bg7 8. Nf3 0-0 9. Be2 Nc6 10. 0-0 Bf5 11. Bg5 h6 12. Be3 d5 13. c5 Nc4 14. Bc1 b6 15. b3 bxc5 16. bxc4 cxd4 17. Nxd5 d3 18. Bxd3 Bxd3 19. Qxd3 Bxa1 20. Bxh6 Bg7 21. Bxg7 Kxg7 22. Qc3+ Kg8 23. Rd1 Qa5 24. Nxe7+ Kh7 25. Qf6 Nxe7 26. Qxe7 Kg8 27. Qh4 Rad8 28. Re1 Rfe8 29. Rxe8+ Rxe8 30. Ng5 Qf5 31. f3 Re2 32. Ne4 Qe5 33. c5 Rxa2 34. c6 Rc2 35. Qd8+ Kg7 36. Qd7 Qb2 37. Qd6 Rxg2+ 38. Kh1 Rc2 0-1

[Event "Oberliga Ost-B 0809"]
[Site "Germany"]
[Date "2008.11.30"]
[Round "3.7"]
[White "Diaz, Joaquin"]
[Black "Kopp, Peter"]
[Result "1-0"]
[WhiteElo "2162"]
[BlackElo "2127"]
[PlyCount "57"]
[EventDate "2008.10.26"]
[EventType "team-tourn"]
[EventRounds "11"]
[EventCountry "GER"]
[SourceTitle "EXT 2010"]
[Source "ChessBase"]
[SourceDate "2010.11.25"]
[SourceVersion "1"]
[SourceVersionDate "2010.11.25"]
[SourceQuality "1"]
[WhiteTeam "Griesheim"]
[BlackTeam "Hofheim II"]
[WhiteTeamCountry "GER"]
[BlackTeamCountry "GER"]

1. e4 c6 2. c4 e5 3. Nf3 d6 4. d4 Nd7 5. Nc3 Ngf6 6. Be2 Be7 7. 0-0 0-0 8. h3 Re8 9. Qc2 Bf8 10. Be3 exd4 11. Nxd4 Nc5 12. Bf3 Nfd7 13. Rad1 g6 14. Be2 Qe7 15. f3 Qh4 16. Qd2 Qe7 17. b4 Ne6 18. Nxe6 Qxe6 19. Bh6 Bxh6 20. Qxh6 Ne5 21. f4 Nxc4 22. f5 gxf5 23. Qg5+ Kf8 24. Bxc4 Qxc4 25. Qh6+ Kg8 26. Rf3 Re6 27. Qg5+ Rg6 28. Qd8+ Kg7 29. exf5 1-0

[Event "Frankfurt-ch"]
[Site "Frankfurt"]
[Date "2008.05.26"]
[Round "4"]
[White "Gauf, Wolfgang"]
[Black "Diaz, Joaquin"]
[Result "0-1"]
[WhiteElo "1758"]
[BlackElo "2163"]
[PlyCount "40"]
[EventDate "2008.04.28"]
[EventType "swiss"]
[EventRounds "7"]
[EventCountry "GER"]
[SourceTitle "EXT 2009"]
[Source "ChessBase"]
[SourceDate "2008.11.26"]
[SourceVersion "1"]
[SourceVersionDate "2008.11.26"]
[SourceQuality "1"]

1. d4 d5 2. c4 c6 3. Nf3 Nf6 4. Nc3 e6 5. e3 Nbd7 6. Bd3 Bd6 7. 0-0 0-0 8. e4 dxe4 9. Nxe4 Nxe4 10. Bxe4 c5 11. dxc5 Nxc5 12. Bxh7+ Kxh7 13. Ng5+ Kg6 14. h4 Rh8 15. b4 Be5 16. Qc2+ Qd3 17. Qxd3+ Nxd3 18. Rb1 Nxc1 19. Rfxc1 Rxh4 20. Nf3 Re4 0-1

[Event "Frankfurt-ch"]
[Site "Frankfurt"]
[Date "2008.04.28"]
[Round "1"]
[White "Diaz, Joaquin"]
[Black "Schreiner, Roland"]
[Result "1-0"]
[WhiteElo "2163"]
[BlackElo "1956"]
[PlyCount "45"]
[EventDate "2008.04.28"]
[EventType "swiss"]
[EventRounds "7"]
[EventCountry "GER"]
[SourceTitle "EXT 2009"]
[Source "ChessBase"]
[SourceDate "2008.11.26"]
[SourceVersion "1"]
[SourceVersionDate "2008.11.26"]
[SourceQuality "1"]

1. e4 d6 2. d4 Nf6 3. Nc3 g6 4. Bg5 Bg7 5. e5 dxe5 6. dxe5 Qxd1+ 7. Rxd1 Ng4 8. h3 Nxf2 9. Kxf2 Bxe5 10. Nf3 Bd6 11. Nb5 Nc6 12. Rxd6 cxd6 13. Nc7+ Kd8 14. Nxa8 Be6 15. Be3 Kd7 16. Nb6+ axb6 17. Bxb6 f5 18. Bb5 Rc8 19. Nd4 Bf7 20. a4 e5 21. Nxc6 bxc6 22. Be2 d5 23. b4 1-0

[Event "Frankfurt-ch"]
[Site "Frankfurt"]
[Date "2006.05.22"]
[Round "5"]
[White "Solonar, Stefan"]
[Black "Diaz, Joaquin"]
[Result "1-0"]
[WhiteElo "2264"]
[BlackElo "2087"]
[PlyCount "33"]
[EventDate "2006.04.24"]
[EventType "swiss"]
[EventRounds "7"]
[EventCountry "GER"]
[SourceTitle "EXT 2007"]
[Source "ChessBase"]
[SourceDate "2006.11.23"]
[SourceVersion "1"]
[SourceVersionDate "2006.11.23"]
[SourceQuality "1"]

1. Nf3 f5 2. g3 Nf6 3. Bg2 g6 4. 0-0 Bg7 5. d3 0-0 6. e4 d6 7. e5 Ng4 8. exd6 cxd6 9. d4 e6 10. Re1 Re8 11. Nc3 Nh6 12. Bg5 Qb6 13. Nd5 Qc6 14. Ne5 dxe5 15. Nf6+ Bxf6 16. Bxc6 Nxc6 17. Bxf6 1-0

[Event "Frankfurt-ch"]
[Site "Frankfurt"]
[Date "2005.05.09"]
[Round "3"]
[White "Diaz, Joaquin"]
[Black "Stricker, Konstantin"]
[Result "1-0"]
[WhiteElo "2012"]
[BlackElo "1693"]
[PlyCount "97"]
[EventDate "2005.04.25"]
[EventType "swiss"]
[EventRounds "7"]
[EventCountry "GER"]
[SourceTitle "EXT 2006"]
[Source "ChessBase"]
[SourceDate "2005.11.24"]
[SourceVersion "1"]
[SourceVersionDate "2005.11.24"]
[SourceQuality "1"]

1. e4 c5 2. Nf3 Nc6 3. d4 cxd4 4. Nxd4 d6 5. Bc4 e6 6. Nc3 Nf6 7. Be3 Be7 8. Qe2 a6 9. 0-0-0 Nxd4 10. Bxd4 Qc7 11. e5 Nd7 12. exd6 Bxd6 13. Bxe6 0-0 14. Nd5 Qd8 15. Qg4 Ne5 16. Bxe5 Bxe5 17. Bxc8 Rxc8 18. f4 Bf6 19. Qf5 Rc6 20. Rhe1 Kh8 21. Nxf6 Qxf6 22. Qxf6 Rxf6 23. g3 g6 24. Re7 b5 25. Rdd7 Kg8 26. c3 h5 27. Kc2 h4 28. Kb3 hxg3 29. hxg3 Kg7 30. a4 bxa4+ 31. Kxa4 Rh8 32. Re3 Rh2 33. b4 Rc6 34. Kb3 Rh1 35. Ree7 Rf6 36. Re3 Rh3 37. Red3 Re6 38. c4 Re1 39. c5 Rb1+ 40. Kc4 Rc1+ 41. Kd5 Rb1 42. Rb7 a5 43. b5 a4 44. c6 Rb3 45. Rxb3 axb3 46. c7 b2 47. c8Q b1Q 48. Qc3+ Kf8 49. Rb8+ 1-0